Valére du chéné : (Record no. 941)

MARC details
000 -LEADER
campo de control de longitud fija 00677nam a22002057a 4500
008 - DATOS DE LONGITUD FIJA--INFORMACIÓN GENERAL
campo de control de longitud fija 160604s2007fr xxu||||| |||| 00| 0 eng d
020 ## - NÚMERO INTERNACIONAL ESTÁNDAR DEL LIBRO
Número Internacional Estándar del Libro 9782908964523
082 04 - NÚMERO DE LA CLASIFICACIÓN DECIMAL DEWEY
Número de clasificación 708
Número de ítem D831b
100 1# - ENTRADA PRINCIPAL--NOMBRE DE PERSONA
Nombre de persona Botella-Gragez, Marie-Louise.
9 (RLIN) 5153
245 10 - MENCIÓN DEL TÍTULO
Título Valére du chéné :
Resto del título bureau des ex-voto laïques /
Mención de responsabilidad, etc. Marie-Louise Botella-Gragez...[et. al.]
250 ## - MENCION DE EDICION
Mención de edición 1a ed.
260 ## - PUBLICACIÓN, DISTRIBUCIÓN, ETC.
Lugar de publicación, distribución, etc. París, Francia :
Nombre del editor, distribuidor, etc. Éditions Villa Saint Clair,
Fecha de publicación, distribución, etc. 2007.
300 ## - DESCRIPCIÓN FÍSICA
Extensión 200 p.
Otras características físicas il. col.
653 10 - TÉRMINO DE INDIZACIÓN--NO CONTROLADO
Término no controlado Exhibiciones
653 10 - TÉRMINO DE INDIZACIÓN--NO CONTROLADO
Término no controlado Arte moderno
653 10 - TÉRMINO DE INDIZACIÓN--NO CONTROLADO
Término no controlado Pintura
700 1# - ENTRADA AGREGADA--NOMBRE PERSONAL
Nombre de persona Farge, Arlette.
Término indicativo de función/relación coaut.
9 (RLIN) 5154
700 1# - ENTRADA AGREGADA--NOMBRE PERSONAL
Nombre de persona Révah, Noémie.
Término indicativo de función/relación coaut.
9 (RLIN) 5155
700 1# - ENTRADA AGREGADA--NOMBRE PERSONAL
Nombre de persona Brénon, Magali.
Término indicativo de función/relación coaut.
9 (RLIN) 5156
Holdings
Estatus retirado Estado de pérdida Fuente del sistema de clasificación o colocación Estado de daño No para préstamo Biblioteca de origen Biblioteca actual Ubicación en estantería Fecha de adquisición Total de préstamos Signatura topográfica completa Código de barras Visto por última vez Precio de reemplazo Tipo de ítem Koha
    Clasificación Decimal Dewey     Biblioteca LadoV Biblioteca LadoV   04/06/2016   708 D831b 000741 04/06/2016 04/06/2016 Material 01